000 00558cam a22002291 4500
001 sa 65009873
003 DLC
005 20260227112205.0
008 890615s1965 ii ac 000 0 pano
010 _asa 65009873
035 _a(OCoLC)19873106
040 _aDLC
_cWaU
_dDLC
042 _apremarc
043 _aa------
050 0 0 _aDS33.1
_b.A55
100 1 _aAmola, Aisa. Aisa.,
_d1908-
245 1 0 _aSāḍe gawāṇḍhī.
260 _c[1965?]
300 _a88 p.
_billus., ports.
_c22 cm.
500 _aIn Panjabi.
651 0 _aAsia
_xHistory.
999 _c66487
_d66487